Vocational planning: a guidebook for successful careers: practical steps to take in analyzing yourself, choosing a vocation, securing the necessary training, finding a job, and succeeding in it

Saved in:
书目详细资料
主要作者: Endicott, Frank S (Author)
格式: 图书
语言:英语
出版: Scranton International Textbook 1948
主题:
标签: 添加标签
没有标签, 成为第一个标记此记录!

MARC

LEADER 00000nam a2200000 a 4500
001 UCZ7191
003 CL-VaPUC
008 951222e19480000US |||||||||||||||||eng|d
082 0 4 |a 158.6  |b END  |2 21 
100 0 |a Endicott, Frank S  |e author  |9 351968 
245 1 0 |a Vocational planning: a guidebook for successful careers: practical steps to take in analyzing yourself, choosing a vocation, securing the necessary training, finding a job, and succeeding in it 
300 |a 147 p 
942 |c BK 
945 |d 19951222 00:00:00  |a lriquelm 
260 |a Scranton  |b International Textbook  |c 1948 
650 0 |a Vocación  |9 328817 
650 0 |a Psicología aplicada   |9 270762 
650 0 |a Tests psicológicos  |9 308644 
650 7 |a ORIENTACION EDUCACIONAL  |2 CL-VaPUC  |9 312512 
650 0 |a Orientación profesional   |9 308504 
650 0 |a Trabajo y empleo  |9 315054 
583 |a last modification  |c 20160929 09:06:39  |k Rodrigo Vera 
999 |c 243304  |d 243302 
952 |0 0  |1 0  |4 0  |6 158_600000000000000_END_1948  |7 0  |8 P  |9 256868  |a BIBEDU  |b BIBEDU  |c BIBEDU_PB  |d 2019-11-19  |i 1613243  |o 158.6 END 1948  |p 1613243  |r 2024-01-25  |w 2019-11-19  |y BK  |k EDU 
952 |0 0  |1 0  |4 0  |6 158_600000000000000_END_1948  |7 0  |8 P  |9 256869  |a BIBEDU  |b BIBEDU  |c BIBEDU_PB  |d 2019-11-19  |i 1611135  |o 158.6 END 1948  |p 1611135  |r 2024-01-25  |w 2019-11-19  |y BK  |k EDU